Strassen für Menschen /
Enregistré dans:
| Auteur principal: | |
|---|---|
| Autres auteurs: | , |
| Format: | Livre |
| Langue: | allemand |
| Publié: |
Salzburg :
Residenz Verlag
1995
Wien : Residenz Verlag, 1995 |
| Édition: | 1. nemecké vydanie |
| Sujets: | |
| Tags: |
Pas de tags, Soyez le premier à ajouter un tag!
|
MARC
| LEADER | 00000nam a22000003a 4500 | ||
|---|---|---|---|
| 001 | 0113974 | ||
| 003 | SK-STU | ||
| 005 | 20250124122607.3 | ||
| 007 | ta | ||
| 008 | 250124s ----xo-----e------000-0-----d | ||
| 020 | |a 3-7017-0920-3 | ||
| 040 | |a STU |b slo | ||
| 041 | 0 | |a ger | |
| 044 | |a gw | ||
| 100 | 1 | |a Rudofsky, Bernard |4 aut | |
| 245 | 1 | 0 | |a Strassen für Menschen / |c aut. Bernard Rudofsky ; prekl. Berta Rudofsky, Brigitte Herberstein |
| 250 | |a 1. nemecké vydanie | ||
| 260 | |a Salzburg : |b Residenz Verlag |c 1995 | ||
| 260 | |a Wien : |b Residenz Verlag, |c 1995 | ||
| 300 | |a 343 s. | ||
| 650 | 0 | 7 | |a ulica |
| 650 | 0 | 7 | |a mesto |
| 650 | 0 | 7 | |a labyrint |
| 650 | 0 | 7 | |a schody |
| 650 | 0 | 7 | |a exteriérová architektúra |
| 650 | 0 | 7 | |a dynamický komfort chodcov |
| 700 | 1 | |a Rudofsky, Berta |4 trl | |
| 700 | 1 | |a Herberstein, Brigitte |4 trl | |
| 996 | |b 284AU10317 |c A* 13577/U |l AAKNAR |s A |a 24 |w 0113974_0001 | ||